Funkcie reakcie na impulz pri VAR modeloch v programe EViews

Dynamické modely v ekonometrii predstavujú významný a preferovaný typ modelov na analýzu reálnych ekonomických vzťahov. Dôležitým nástrojom využívaným pri dynamických modeloch sú funkcie reakcie na impulz. Možnosti, ktoré ponúka ekonometrický program EViews v oblasti funkcií reakcie na impulz pri ve...

Description complète

Enregistré dans:
Détails bibliographiques
Auteur principal: Lukáčiková, Adriana, 1971-
Format: Chapitre de livre
Langue:slovaque
Sujets:
Tags: Ajouter un tag
Pas de tags, Soyez le premier à ajouter un tag!

MARC

LEADER 00000nla a2200000 4500
001 0237727
005 20240502073837.5
041 0 |a slo 
044 |a SK 
245 1 0 |a Funkcie reakcie na impulz pri VAR modeloch v programe EViews  |c Adriana Lukáčiková 
520 |a Dynamické modely v ekonometrii predstavujú významný a preferovaný typ modelov na analýzu reálnych ekonomických vzťahov. Dôležitým nástrojom využívaným pri dynamických modeloch sú funkcie reakcie na impulz. Možnosti, ktoré ponúka ekonometrický program EViews v oblasti funkcií reakcie na impulz pri vektorovo autoregresných modeloch. Choleskeho dekompozícia. 
610 2 0 |a analýzy 
610 2 0 |a ekonometria 
610 2 0 |a modely autoregresné 
610 2 0 |a modely viacrovnicové 
610 2 0 |a programy 
100 1 |a Lukáčiková, Adriana, 1971-